• 首页
  • 本馆介绍
  • 公告通知
  • 最新文献
  • 馆藏检索
  • 电子资源
  • 读者导购
  • 参考咨询
  • 我的图书馆
  • 登录
  • 详细信息显示
  • 放入我的书架
  • 预约/预借图书
  • 作者相关作品
  • 分类相关作品
  • 丛书相关作品
  • 出版社相关作品

书目信息

  • 表格格式
  • 工作单格式
  • 卡片格式
题名:
科技之巅
    
 
作者: ;麻省理工科技评论 著
分册: 2   《麻省理工科技评论》2017年10大全球突破性技术深度剖析
出版信息: 北京   人民邮电出版社  2017.06
页数: 243页
开本: 26cm
丛书名:
单 册:
中图分类: N11
科图分类:
主题词: 科技发展--研究--世界
电子资源:
ISBN: 978-7-115-45594-9
000 01134nam0 2200253 450
001 187
005 20180925103606.06
010    @a978-7-115-45594-9@dCNY88.00
100    @a20170802d2017 em y0chiy50 ea
101 0  @achi
102    @aCN@b110000
105    @aa az 000yy
200 1  @a科技之巅@9ke ji zhi dian@h2@i《麻省理工科技评论》2017年10大全球突破性技术深度剖析@f麻省理工科技评论著
210    @a北京@c人民邮电出版社@d2017.06
215    @a243页@c图@d26cm
304    @a英文共同题名:Breakthrough technologies
320    @a有书目(第236-243页)
330    @a本书收录了2017年十大技术并特别邀请国内外知名专家点评组,前期先行预热,外加为榜单背书以及深度点评。这些技术代表了当前世界科技的发展前沿和未来发展方向,集中反映了近年来世界科技发展的新特点和新趋势,其中许多技术已经走向市场。
517 1  @a《麻省理工科技评论》2017年10大全球突破性技术深度剖析@9《ma sheng li gong ke ji ping lun》2017 nian 10 da quan qiu tu po xing ji shu shen du pou xi
606    @a科技发展@x研究@y世界
690    @aN11@v5
711 02 @a麻省理工科技评论@9ma sheng li gong ke ji ping lun@4著
801  0 @aCN@b91MARC@c20170802
905    @aMuseLib@dN11@e132:2
    
    科技之巅.2.《麻省理工科技评论》2017年10大全球突破性技术深度剖析/麻省理工科技评论著.-北京:人民邮电出版社,2017.06
    243页:图;26cm
    
    
    ISBN 978-7-115-45594-9:CNY88.00
    本书收录了2017年十大技术并特别邀请国内外知名专家点评组,前期先行预热,外加为榜单背书以及深度点评。这些技术代表了当前世界科技的发展前沿和未来发展方向,集中反映了近年来世界科技发展的新特点和新趋势,其中许多技术已经走向市场。
●
相关链接 在E读中查询图书 在五车中查询图书 在当当中查询图书 在豆瓣中查询图书


正题名:科技之巅     索取号:N11/132:2         预约/预借

序号 登录号 条形码 馆藏地/架位号 状态 备注
1 1118669   211186697   第二样本阅览室/ [索取号:N11/132:2] 在馆    
2 1118670   211186704   密集书库-物理学院/ [索取号:N11/132:2] 在馆    
3 1118671   211186713   第三借阅区/ [索取号:N11/132:2] 在馆    
4 1118672   211186722   第三借阅区/ [索取号:N11/132:2] 在馆    
5 1118673   211186731   第三借阅区/ [索取号:N11/132:2] 在馆    
唐山师范学院图书馆 欢迎您!
大连网信软件有限公司© 版权所有